000 01126nam a2200265Ia 4500
003 OSt
005 20221005104744.0
006 a|||||r|||| 00| 0
007 ta
008 221004b |||||||| |||| 00| 0 hin d
020 _c320
024 _a8849
037 _b20478, 08/01/2014, Hindi Madhyam Karyanvyan Nideshalye
_cTextual
040 _aCRL
_cCRL
_bhin
041 _2hin
_ahin
082 _aU21, 152N2
100 _aगुप्ता, एस. एल.
245 0 _aभू - आकृति विज्ञान
_b भूभौतिकी तथा भूआकृतियॉं
246 _aBhū - ākṛuti vijnyāna: bhūbhautikī tathā bhūākṛutiyaॉan
260 _aदिल्ली
_bविश्वविद्यालय हिन्दी माध्यम कार्यान्वय निदेशालय भारत
_c1992
300 _a664पृ0
_ccm.
650 _aभारतीय-भूगोल
942 _hU21, 152N2
_cTEXL
_2cc
999 _c1013686
_d1013686